000 00845nam a2200241Ii 4500
003 JO-AjNU
008 230605s9999||||xx |||||||||||||| ||und||
017 _a1999/15496
020 _a977-01-6514-X
040 _aJO-AjNU
_bara
_erda
_cJO-AjNU
041 _aara
050 1 4 _aPJ7858.A33 1998
100 3 _aتأليف القعيد، يوسف,
_eauthor
_913518
245 0 0 _aمن يذكر مصر الأخرى: ستة نصوص قصصية، الجزء الثامن
250 _aط3
264 3 1 _aالقاهرة:مكتبة الأسرة،2003 ؛ مهرجان القراءة للجميع 2003
300 _aج8، 650ص
336 _atext
_btxt
_2rdacontent
337 _aunmediated
_bn
_2rdamedia
338 _avolume
_bnc
_2rdacarrier
490 0 _aسلسلة الأعمال الكاملة
650 4 _aالأدب العربي - قصص
_913519
999 _aA3387
_c6955
_d6955